The EQ difference : a powerful plan for putting emotional intelligence to work

Αποθηκεύτηκε σε:
Λεπτομέρειες βιβλιογραφικής εγγραφής
Κύριος συγγραφέας: Lynn, Adele B.
Μορφή: Βιβλίο
Γλώσσα:English
Δημοσίευση: New York : AMACOM, c2005
Θέματα:
Ετικέτες: Προσθήκη ετικέτας
Δεν υπάρχουν, Καταχωρήστε ετικέτα πρώτοι!

MARC

LEADER 00000cam a2200000 i 4500
001 1/40138
008 140114s2005 eng d
020 |a 0-8144-0844-3 
035 |l 10116332 
040 |a GR-MY-UA  |b gre  |e aacr 
041 0 |a eng 
082 0 |a 152.4  |2 (22) 
100 1 |a Lynn, Adele B. 
245 1 4 |a The EQ difference :  |b a powerful plan for putting emotional intelligence to work /  |c Adele B. Lynn 
260 |a New York :   |b AMACOM,   |c c2005 
300 |a x, 262 σ.;  |c 23 εκ. 
504 |a Βιβλιογραφία: σ. 251-252. Ευρετήριο 
650 0 0 |a Work  |x Psychological aspects. 
650 0 0 |a Emotional intelligence. 
852 |a INST  |b SYROS  |e 20140114  |h 152.4 LYN  |p 005500011226  |q 005500011226  |t BK  |y 0 
901 |a BIBL5-2014-1 
909 |a Ε  |b 174663 
970 |a ΤΣΟΥΚΑΛΑ  |b ΑΛΙΚΗ  |z 2014/01/